|
|
|
|
| LEADER |
00000nab a2200000 a 4500 |
| 001 |
vtls000471777 |
| 003 |
SK-MaSNL |
| 005 |
20260304030004.0 |
| 008 |
250310c1992 xo 0 hun |
| 015 |
|
|
|a SNBRB19rr/mm-uuuuu
|
| 035 |
|
|
|a CL0471910
|
| 035 |
|
|
|a urn:nbn:sk:snk-abb9j
|
| 035 |
|
|
|a (urnnbn)urn:nbn:sk:snk:ar-00358a
|
| 035 |
|
|
|a (uuid)3d33dac4-8443-48ff-a164-9fff954ab9fe
|
| 040 |
|
|
|a SNKBUCL
|b slo
|c SNKBUCL
|e AACR2
|
| 041 |
0 |
|
|a hun
|
| 044 |
|
|
|a xo
|c SK
|
| 080 |
|
|
|a 894.511 (497.1)-1=945.11
|2 1981
|
| 100 |
1 |
|
|a Sinkovits, Péter
|4 aut
|9 841869
|
| 245 |
1 |
0 |
|a Szótagolt alázatkereső
|c Péter Sinkovits
|
| 650 |
0 |
7 |
|a básne reflexívne
|2 snkbucl
|9 898242
|
| 655 |
|
7 |
|a články z novín a časopisov
|2 snkbucl
|9 267496
|
| 655 |
|
7 |
|a články z odboru literárna veda a krásna literatúra
|2 snkbucl
|9 770045
|
| 773 |
0 |
|
|t Kalligram
|g Č. 6 (1992), s. 15
|
| 850 |
|
|
|a Slovenská národná knižnica v Martine
|a MTA001
|
| 852 |
|
|
|a SNK
|b KIS3GCP
|
| 958 |
|
|
|a OND
|
| 958 |
|
|
|a RK
|
| 958 |
|
|
|a LX
|
| 958 |
|
|
|a NX
|
| 958 |
|
|
|a article27
|
| 992 |
|
|
|a RBX
|
| 999 |
|
|
|c 2631003
|d 2632933
|